| 000 | 00518cam a22001577a 4500 | ||
|---|---|---|---|
| 008 | 180718b1989 xxu||||| |||| 00| 0 eng d | ||
| 082 | _aF5x5413 T326/pt.2 | ||
| 100 | _aThakur, R.N. | ||
| 245 |
_aSociology of the administrative elite _cby R.N. Thakur |
||
| 260 |
_aNew Delhi _bAchives Books _c1989 |
||
| 300 | _a202p | ||
| 650 | _aIndia --Officials and employees | ||
| 650 | _aBihar (India) --Officials and employees | ||
| 650 | _aElite (Social sciences) --India | ||
| 650 | _aElite (Social sciences) --India --Bihar | ||
| 999 |
_c355443 _d355443 |
||